000
00220nam a22000857a 4500
008
161201b xxu||||| |||| 00| 0 eng d
100
_9
1688
_a
Malhotra,S.S.,etal
245
_a
abc of Mathematics
260
_a
New Delhi
_b
Holy Faith
999
_c
4400
_d
4400